000
00277nam a22001217a 4500
082
_a
543 HAN'M
100
_a
MEITES, LOWIS
_9
57365
245
_a
HANDBOOK OF ANALYTICAL CHEMISTRY
250
_a
1ST
260
_a
NEWYORK
_b
MCGRAW HILL
_c
1963
300
_a
XV, 15-9P
942
_c
BK
999
_c
567654
_d
567654